000 00325nam a22001337a 4500
008 170502b xxu||||| |||| 00| 0 eng d
020 _a9780870843051
041 _aeng
080 _24 ED
_a343.9
100 _a13
101 _aSHJ
245 _aPRINCIPLES SECURITY AND CRIME PREVENTION
_cCOLLINS.P.A
942 _2udc
_cBK
999 _c12322
_d12322